[Event "IRT VERANO 2007"]
[Site "Posadas Misiones"]
[Date "2007.01.26"]
[Round "1"]
[White "OVIEDO, Horacio"]
[Black "CROTTI, Lucas"]
[Result "1-0"]
[WhiteElo "2054"]
[BlackElo "2015"]
[PlyCount "79"]
[EventDate "2007.01.26"]
[Source "Silva Victor H."]
[SourceDate "2007.01.26"]

1. e4 e6 2. d4 d5 3. Nc3 Bb4 4. e5 c5 5. a3 Bxc3+ 6. bxc3 Ne7 7. h4 Bd7 8. h5
Ba4 9. h6 g6 10. Rb1 Qc7 11. Nf3 Nd7 12. Bd3 Rc8 13. Rh4 a6 14. Bg5 Nc6 15.
dxc5 Nxc5 16. Bf6 O-O 17. Qd2 b5 18. Qe3 Nd7 19. Bg7 Ne7 20. Bxf8 Qxc3+ 21. Qd2
Qxd2+ 22. Kxd2 Rxf8 23. Rxa4 bxa4 24. Rb7 Rd8 25. Bxa6 Nf5 26. Bd3 Nxh6 27. Ra7
Ng4 28. Rxa4 Nxf2 29. Ke3 Nc5 30. Ra7 Ng4+ 31. Kd4 Nd7 32. Bb5 Nb6 33. a4 Rc8
34. a5 Nc4 35. a6 Nge3 36. Bxc4 Nxc2+ 37. Kc3 Rxc4+ 38. Kb3 Nb4 39. Nd2 Nc6 40.
Ra8+ 1-0

[Event "IRT VERANO 2007"]
[Site "Posadas Misiones"]
[Date "2007.01.26"]
[Round "1"]
[White "SOSA HARRISON, Jorge"]
[Black "ALVAREZ, Miguel"]
[Result "1-0"]
[WhiteElo "2283"]
[BlackElo "2085"]
[PlyCount "73"]
[EventDate "2007.01.26"]
[Source "Silva Victor H."]
[SourceDate "2007.01.26"]

1. Nf3 d6 2. d4 Bg4 3. e4 g6 4. h3 Bxf3 5. Qxf3 Bg7 6. Bc4 e6 7. c3 c6 8. Bb3
Nd7 9. Be3 Ngf6 10. Nd2 Qe7 11. O-O O-O 12. Bg5 h6 13. Bh4 g5 14. Bg3 e5 15.
Rfe1 a5 16. a3 a4 17. Bc2 b5 18. Nf1 Nb6 19. Bd3 Rfb8 20. Ne3 Nfd7 21. Nf5 Qf6
22. Rad1 Ra7 23. h4 Nc8 24. Qe3 Rc7 25. hxg5 hxg5 26. Be2 Ne7 27. Bg4 Nxf5 28.
Bxf5 Nb6 29. dxe5 dxe5 30. Rd3 Nc4 31. Qe2 Nd6 32. Bg4 Bf8 33. Red1 Be7 34. Kf1
Kg7 35. Rf3 Qh6 36. Bxe5+ f6 37. Rh3 1-0

[Event "IRT VERANO 2007"]
[Site "Posadas Misiones"]
[Date "2007.01.26"]
[Round "1"]
[White "RENDON, Francisco"]
[Black "CARO, Esteban"]
[Result "0-1"]
[WhiteElo "1991"]
[BlackElo "2203"]
[PlyCount "66"]
[EventDate "2007.01.26"]
[Source "Silva Victor H."]
[SourceDate "2007.01.26"]

1. d4 c5 2. d5 d6 3. c4 Nf6 4. Nc3 g6 5. e4 Bg7 6. Bd3 O-O 7. h3 e6 8. Nf3 a6
9. O-O exd5 10. exd5 Re8 11. Bf4 Qc7 12. Qd2 b6 13. Rfe1 Bb7 14. Rxe8+ Nxe8 15.
a4 Nd7 16. Re1 Ndf6 17. Ne4 Nxe4 18. Bxe4 Qd7 19. b3 b5 20. b4 bxc4 21. bxc5
dxc5 22. Ne5 Qxa4 23. Nc6 Nf6 24. Bf3 c3 25. Qc1 Nxd5 26. Ne7+ Nxe7 27. Bxb7
Rd8 28. Bf3 Nf5 29. Re4 Rd4 30. Rxd4 Nxd4 31. Qe3 Ne6 32. Be5 Bxe5 33. Qxe5 c2
0-1

[Event "IRT VERANO 2007"]
[Site "Posadas Misiones"]
[Date "2007.01.26"]
[Round "1"]
[White "GOIRIZ, Damian"]
[Black "JIMENEZ, Joaquin"]
[Result "1/2-1/2"]
[WhiteElo "2099"]
[BlackElo "2223"]
[PlyCount "48"]
[EventDate "2007.01.26"]
[Source "Silva Victor H."]
[SourceDate "2007.01.26"]

1. e4 e5 2. Ne2 Nc6 3. Nbc3 Nf6 4. g3 Bc5 5. Bg2 h5 6. h3 h4 7. g4 d6 8. Na4
Bb4 9. a3 Ba5 10. b4 Bb6 11. d3 Be6 12. Nxb6 axb6 13. Bg5 Qd7 14. Bxf6 gxf6 15.
O-O Bxg4 16. hxg4 Qxg4 17. Nc3 Qg6 18. Kh2 h3 19. Bxh3 Rxh3+ 20. Kxh3 Qh6+ 21.
Kg3 Qf4+ 22. Kh3 Qh6+ 23. Kg3 Qf4+ 24. Kh3 Qh6+ 1/2-1/2

[Event "IRT VERANO 2007"]
[Site "Posadas Misiones"]
[Date "2007.01.27"]
[Round "2"]
[White "CROTTI, Lucas"]
[Black "JIMENEZ, Joaquin"]
[Result "0-1"]
[WhiteElo "2015"]
[BlackElo "2223"]
[PlyCount "88"]
[EventDate "2007.01.26"]
[Source "Silva Victor H."]
[SourceDate "2007.01.26"]

1. e4 e5 2. Bc4 Nf6 3. d3 Nc6 4. Nf3 Be7 5. O-O O-O 6. c3 d6 7. Re1 Na5 8. Bb5
a6 9. Ba4 b5 10. Bc2 c5 11. Nbd2 Re8 12. Nf1 Bf8 13. Ng3 g6 14. Bg5 h6 15. Be3
Nc6 16. a4 Bd7 17. Bb3 Na5 18. Ba2 bxa4 19. Qc1 h5 20. Ng5 Nb3 21. Bxb3 axb3
22. f4 Ng4 23. Bd2 exf4 24. Bxf4 Ne5 25. Qd1 h4 26. Nf1 Bh6 27. Ne6 Bxe6 28.
Bxh6 h3 29. Bf4 hxg2 30. Ne3 Bh3 31. d4 cxd4 32. cxd4 Nc6 33. Qf3 Qh4 34. Red1
Nb4 35. e5 dxe5 36. Bxe5 Nc2 37. Nd5 Nxa1 38. Nf6+ Kf8 39. Qc6 Rad8 40. Bd6+
Re7 41. Bxe7+ Kxe7 42. Qc5+ Rd6 43. Qe5+ Re6 44. Nd5+ Kf8 0-1

[Event "IRT VERANO 2007"]
[Site "Posadas Misiones"]
[Date "2007.01.27"]
[Round "2"]
[White "CARO, Esteban"]
[Black "GOIRIZ, Damian"]
[Result "1-0"]
[WhiteElo "2203"]
[BlackElo "2099"]
[PlyCount "99"]
[EventDate "2007.01.26"]
[Source "Silva Victor H."]
[SourceDate "2007.01.26"]

1. e4 c5 2. Nf3 d6 3. d4 cxd4 4. Nxd4 Nf6 5. Nc3 a6 6. Bc4 e6 7. Bb3 b5 8. a3
Bb7 9. O-O Nbd7 10. Bg5 Rc8 11. Re1 h6 12. Bh4 Rxc3 13. bxc3 g5 14. Bg3 Nxe4
15. Nxe6 fxe6 16. Bxe6 Ndf6 17. Qd4 Be7 18. Bf5 d5 19. f3 Nxg3 20. Bg6+ Kf8 21.
hxg3 Qd6 22. Kf1 Bc8 23. g4 h5 24. gxh5 Rh6 25. g4 Rxg6 26. hxg6 Qg3 27. g7+
Kf7 28. Re3 Bd6 29. Qxf6+ Kxf6 30. g8=Q Bc5 31. Qh8+ Kf7 32. Qh5+ Kf6 33. Qh6+
Kf7 34. Qh7+ Kf8 35. Qh8+ Kf7 36. Qe5 Qh3+ 37. Ke2 Bxe3 38. Qxd5+ Be6 39. Qb7+
Kf6 40. Kxe3 Qh2 41. Qe4 Kf7 42. Rd1 Qh8 43. Qb7+ Kg6 44. Rd4 Qh2 45. Qc6 Qg1+
46. Kd2 Qf2+ 47. Kc1 Qe3+ 48. Kb2 Qe5 49. Re4 Qf6 50. Rxe6 1-0

[Event "IRT VERANO 2007"]
[Site "Posadas Misiones"]
[Date "2007.01.27"]
[Round "2"]
[White "ALVAREZ, Miguel"]
[Black "RENDON, Francisco"]
[Result "1-0"]
[WhiteElo "2085"]
[BlackElo "1991"]
[PlyCount "47"]
[EventDate "2007.01.26"]
[Source "Silva Victor H."]
[SourceDate "2007.01.26"]

1. e4 c5 2. c3 e6 3. d4 d5 4. exd5 Qxd5 5. Nf3 Nf6 6. Be2 cxd4 7. O-O Nc6 8.
cxd4 Bb4 9. a3 Ba5 10. b4 Bb6 11. Nc3 Qd8 12. Bb5 O-O 13. Bxc6 bxc6 14. Bg5 Qd6
15. Bxf6 gxf6 16. Re1 f5 17. Qd2 Bd8 18. Re3 f6 19. Na4 a5 20. Nh4 f4 21. Rc3
axb4 22. axb4 Rf7 23. Rac1 Qxb4 24. Rg3+ 1-0

[Event "IRT VERANO 2007"]
[Site "Posadas Misiones"]
[Date "2007.01.27"]
[Round "2"]
[White "OVIEDO, Horacio"]
[Black "SOSA HARRISON, Jorge"]
[Result "0-1"]
[WhiteElo "2054"]
[BlackElo "2283"]
[PlyCount "72"]
[EventDate "2007.01.26"]
[Source "Silva Victor H."]
[SourceDate "2007.01.26"]

1. e4 c5 2. Nf3 d6 3. d4 cxd4 4. Nxd4 Nf6 5. Nc3 Nc6 6. Bg5 Bd7 7. Qd2 Rc8 8.
Be2 h6 9. Be3 a6 10. f3 e6 11. O-O Qc7 12. a4 Ne5 13. Rfd1 Be7 14. a5 O-O 15.
Na4 Bxa4 16. Rxa4 Rfd8 17. Qe1 d5 18. exd5 Nxd5 19. Bf2 Bc5 20. c3 Nf4 21. Bf1
Nh3+ 22. Kh1 Nxf2+ 23. Qxf2 Nc6 24. Qe1 Qd7 25. Raa1 Nxd4 26. cxd4 Bxd4 27. Bd3
g6 28. Rab1 Qe7 29. Qe4 Qb4 30. h4 Rc5 31. f4 Rxa5 32. Be2 Rad5 33. h5 gxh5 34.
Bd3 Kf8 35. Rbc1 Bc5 36. Rc4 Qb3 0-1

[Event "IRT VERANO 2007"]
[Site "Posadas Misiones"]
[Date "2007.01.27"]
[Round "3"]
[White "SOSA HARRISON, Jorge"]
[Black "CROTTI, Lucas"]
[Result "1/2-1/2"]
[WhiteElo "2283"]
[BlackElo "2015"]
[PlyCount "83"]
[EventDate "2007.01.26"]
[Source "Silva Victor H."]
[SourceDate "2007.01.26"]

1. Nf3 Nf6 2. b3 g6 3. Bb2 Bg7 4. g3 O-O 5. Bg2 d6 6. d4 c6 7. O-O Nbd7 8. c4
e5 9. dxe5 dxe5 10. Nxe5 Nxe5 11. Bxe5 Qxd1 12. Rxd1 Re8 13. f4 Ng4 14. Bxg7
Kxg7 15. Nc3 Ne3 16. Rd2 Bf5 17. Bf3 Re7 18. Nd1 h5 19. Rc1 Ng4 20. h3 Nf6 21.
Nf2 Rae8 22. g4 Bc8 23. e4 hxg4 24. hxg4 Nd7 25. Kg2 g5 26. f5 f6 27. Rcd1 Ne5
28. Rd8 b6 29. Rxe8 Rxe8 30. Nd3 Rd8 31. Be2 c5 32. Kf2 Rd4 33. Nxe5 Rxd1 34.
Bxd1 fxe5 35. Ke3 Bd7 36. Kd3 Bc6 37. Bc2 Kf6 38. Kc3 Bb7 39. b4 Bc6 40. Kb3
Bd7 41. Ka3 Bc6 42. b5 1/2-1/2

[Event "IRT VERANO 2007"]
[Site "Posadas Misiones"]
[Date "2007.01.27"]
[Round "3"]
[White "RENDON, Francisco"]
[Black "OVIEDO, Horacio"]
[Result "1/2-1/2"]
[WhiteElo "1991"]
[BlackElo "2054"]
[PlyCount "30"]
[EventDate "2007.01.26"]
[Source "Silva Victor H."]
[SourceDate "2007.01.26"]

1. d4 Nf6 2. c4 g6 3. Nc3 Bg7 4. e4 d6 5. Nf3 O-O 6. Be2 e5 7. O-O Nc6 8. Be3
Ng4 9. Bg5 f6 10. Bh4 g5 11. Bg3 Nh6 12. c5 Nf7 13. d5 Ne7 14. b4 Ng6 15. Nd2
Nf4 1/2-1/2

[Event "IRT VERANO 2007"]
[Site "Posadas Misiones"]
[Date "2007.01.27"]
[Round "3"]
[White "GOIRIZ, Damian"]
[Black "ALVAREZ, Miguel"]
[Result "0-1"]
[WhiteElo "2099"]
[BlackElo "2085"]
[PlyCount "74"]
[EventDate "2007.01.26"]
[Source "Silva Victor H."]
[SourceDate "2007.01.26"]

1. e4 d6 2. d4 Nf6 3. Bd3 g6 4. f4 e5 5. dxe5 dxe5 6. Nf3 exf4 7. Bxf4 Nh5 8.
Be3 Nc6 9. Nc3 Bg4 10. O-O Bd6 11. h3 Bxf3 12. Qxf3 Ne5 13. Qf2 c6 14. Bh6 Qe7
15. Be2 g5 16. Qe1 Nf4 17. Rxf4 gxf4 18. Bxf4 O-O-O 19. Rd1 Nf3+ 20. Bxf3 Bxf4
21. Rd3 Rxd3 22. cxd3 Qc5+ 23. Kh1 Rd8 24. Be2 Qg5 25. Qf2 Kb8 26. Nd1 Rd6 27.
Kg1 Be5 28. Qxf7 Bd4+ 29. Kh1 Qg3 30. Qf3 Qe1+ 31. Qf1 Qd2 32. Bg4 a6 33. Qe2
Qg5 34. Nf2 Rf6 35. Bf3 h5 36. Nd1 Qg3 37. Bxh5 Be5 0-1

[Event "IRT VERANO 2007"]
[Site "Posadas Misiones"]
[Date "2007.01.27"]
[Round "3"]
[White "JIMENEZ, Joaquin"]
[Black "CARO, Esteban"]
[Result "1/2-1/2"]
[WhiteElo "2223"]
[BlackElo "2203"]
[PlyCount "76"]
[EventDate "2007.01.26"]
[Source "Silva Victor H."]
[SourceDate "2007.01.26"]

1. e4 c5 2. Nf3 d6 3. d4 cxd4 4. Nxd4 Nf6 5. Nc3 a6 6. Be3 e6 7. f3 b5 8. Qd2
Bb7 9. O-O-O Be7 10. g4 b4 11. Na4 d5 12. Nb3 Nbd7 13. Qf2 dxe4 14. Nbc5 Bc6
15. Nxd7 Nxd7 16. Nb6 Rb8 17. Nxd7 Bxd7 18. Bxa6 b3 19. cxb3 Qa5 20. Bc4 Qxa2
21. fxe4 Rc8 22. Rhf1 Bf6 23. e5 Qxb3 24. exf6 Rxc4+ 25. Kb1 Bc6 26. Bc5 Be4+
27. Ka1 Bc2 28. Ba3 Bxd1 29. Qd2 Ra4 30. fxg7 Rxa3+ 31. bxa3 Qxa3+ 32. Kb1 Qb3+
33. Ka1 Qa4+ 34. Kb2 Qb4+ 35. Kc1 Qc4+ 36. Kb2 Qb3+ 37. Ka1 Qa3+ 38. Kb1 Qb3+
1/2-1/2

[Event "IRT VERANO 2007"]
[Site "Posadas Misiones"]
[Date "2007.01.28"]
[Round "4"]
[White "CROTTI, Lucas"]
[Black "CARO, Esteban"]
[Result "1-0"]
[WhiteElo "2015"]
[BlackElo "2203"]
[PlyCount "45"]
[EventDate "2007.01.26"]
[Source "Silva Victor H."]
[SourceDate "2007.01.26"]

1. e4 c5 2. Nc3 e6 3. f4 a6 4. a4 Nc6 5. g3 Nf6 6. Bg2 d5 7. d3 Be7 8. Nge2 d4
9. Nb1 Qa5+ 10. Bd2 Qb6 11. Na3 Qc7 12. O-O Rb8 13. c3 dxc3 14. Nxc3 O-O 15.
Be3 Rd8 16. e5 Ne8 17. Ne4 Nb4 18. Qe2 Rxd3 19. Rac1 b6 20. Bd2 Qd8 21. Nc4 Bb7
22. Bxb4 Qd4+ 23. Nf2 1-0

[Event "IRT VERANO 2007"]
[Site "Posadas Misiones"]
[Date "2007.01.28"]
[Round "4"]
[White "ALVAREZ, Miguel"]
[Black "JIMENEZ, Joaquin"]
[Result "0-1"]
[WhiteElo "2085"]
[BlackElo "2223"]
[PlyCount "109"]
[EventDate "2007.01.26"]
[Source "Silva Victor H."]
[SourceDate "2007.01.26"]

1. e4 e5 2. Nf3 Nc6 3. d4 exd4 4. Bc4 Nf6 5. O-O Be7 6. Re1 d6 7. Nxd4 O-O 8.
Nc3 Bd7 9. Nce2 Ne5 10. Bd3 c5 11. Nf3 Nxf3+ 12. gxf3 b5 13. c4 a6 14. Ng3 Re8
15. b3 Rb8 16. Bb2 Be6 17. Qd2 Nd7 18. f4 f6 19. Kh1 Qb6 20. Bc3 Qc6 21. f3 Bf8
22. Rg1 Bf7 23. Nf5 Be6 24. Ne3 f5 25. Nd5 fxe4 26. fxe4 bxc4 27. bxc4 Bf7 28.
Qg2 g6 29. Qh3 Bg7 30. Bxg7 Kxg7 31. f5 Ne5 32. f6+ Kh8 33. Qh6 Rg8 34. Ne7 Qd7
35. Nxg8 Rxg8 36. Rg3 Be6 37. Be2 Qf7 38. Rf1 Bd7 39. Qf4 Re8 40. Rd1 Re6 41.
Rf1 Bc6 42. Rb3 Nd7 43. Bf3 Rxf6 44. Qe3 Ne5 45. Kg1 Kg7 46. Bg2 Nxc4 47. Qc3
Ne5 48. Rbb1 Bb5 49. Rxf6 Qxf6 50. Rb2 Nd3 51. Qxf6+ Kxf6 52. Rd2 Ke5 53. Bf3
c4 54. Kg2 c3 55. Rc2 0-1

[Event "IRT VERANO 2007"]
[Site "Posadas Misiones"]
[Date "2007.01.28"]
[Round "4"]
[White "OVIEDO, Horacio"]
[Black "GOIRIZ, Damian"]
[Result "1/2-1/2"]
[WhiteElo "2054"]
[BlackElo "2099"]
[PlyCount "114"]
[EventDate "2007.01.26"]
[Source "Silva Victor H."]
[SourceDate "2007.01.26"]

1. e4 c5 2. Nf3 d6 3. d4 cxd4 4. Nxd4 Nf6 5. Nc3 a6 6. Bg5 e6 7. f4 Nbd7 8. Qf3
Qc7 9. O-O-O Be7 10. g4 b5 11. Bxf6 gxf6 12. h4 Bb7 13. a3 Rc8 14. Rh2 Nb6 15.
g5 Nc4 16. Bxc4 Qxc4 17. Qe3 Qc5 18. Qd2 b4 19. axb4 Qxb4 20. Rh3 Rb8 21. b3
fxg5 22. hxg5 Bf8 23. g6 Bg7 24. gxf7+ Kxf7 25. f5 Qxd4 26. fxe6+ Kxe6 27. Qxd4
Bxd4 28. Rxd4 h5 29. Rd2 Rbc8 30. Rdh2 Rc5 31. Kd2 Rhc8 32. Re2 Kf6 33. Ree3
Bc6 34. Rd3 Ke7 35. Rdg3 Rf8 36. Rg7+ Rf7 37. Rgg3 Rh7 38. Rh4 Rf7 39. Kd3 Rf2
40. Ne2 Bd7 41. Nd4 Bg4 42. b4 Rc8 43. Ke3 Rf1 44. Rg2 Re1+ 45. Kd3 Rd1+ 46.
Rd2 Rxd2+ 47. Kxd2 Kf6 48. b5 Ke5 49. Kd3 a5 50. b6 Kf4 51. Rh1 Rb8 52. Rb1 Bc8
53. Nc6 Ba6+ 54. Kd4 Rc8 55. Nxa5 Rxc2 56. b7 Bxb7 57. Nxb7 h4 1/2-1/2

[Event "IRT VERANO 2007"]
[Site "Posadas Misiones"]
[Date "2007.01.28"]
[Round "4"]
[White "SOSA HARRISON, Jorge"]
[Black "RENDON, Francisco"]
[Result "1-0"]
[WhiteElo "2283"]
[BlackElo "1991"]
[PlyCount "79"]
[EventDate "2007.01.26"]
[Source "Silva Victor H."]
[SourceDate "2007.01.26"]

1. Nf3 e6 2. d4 c5 3. c4 Nf6 4. g3 b6 5. Bg2 Bb7 6. d5 exd5 7. Nh4 d6 8. Nc3
Qc8 9. cxd5 Be7 10. Qc2 Na6 11. O-O O-O 12. Nf5 Qd8 13. a3 Re8 14. Bg5 h6 15.
Bf4 Bf8 16. Rad1 Nc7 17. Rfe1 b5 18. b4 c4 19. e4 Nh5 20. Be3 a6 21. a4 Bc8 22.
Nd4 Bd7 23. f4 g6 24. Bf2 Rb8 25. a5 Bg7 26. Bf3 Nf6 27. Nc6 Bxc6 28. dxc6 Qe7
29. e5 dxe5 30. fxe5 Qxb4 31. exf6 Bxf6 32. Ne4 Rxe4 33. Bxe4 Qxa5 34. Bxg6 Qc3
35. Bxf7+ Kh8 36. Qg6 Bg7 37. Rd7 Rc8 38. Rxc7 Rxc7 39. Re8+ Bf8 40. Qg8# 1-0

[Event "IRT VERANO 2007"]
[Site "Posadas Misiones"]
[Date "2007.02.02"]
[Round "5"]
[White "RENDON, Francisco"]
[Black "CROTTI, Lucas"]
[Result "1/2-1/2"]
[WhiteElo "1991"]
[BlackElo "2015"]
[PlyCount "52"]
[EventDate "2007.01.26"]
[Source "Silva Victor H."]
[SourceDate "2007.01.26"]

1. e4 e6 2. d4 d5 3. e5 c5 4. Nf3 Ne7 5. Bd3 Nec6 6. O-O b6 7. a4 cxd4 8. Re1
Qc7 9. Na3 a6 10. Bf1 Bc5 11. Bf4 f5 12. Nb1 O-O 13. Nbd2 Na5 14. Rb1 Nbc6 15.
Re2 Bd7 16. Ne1 b5 17. axb5 axb5 18. h4 Rfc8 19. Nd3 Bf8 20. Nf3 Qb6 21. Nde1
b4 22. Rd2 Bc5 23. Nd3 Bf8 24. Nde1 Bc5 25. Nd3 Bf8 26. Nde1 Bc5 1/2-1/2

[Event "IRT VERANO 2007"]
[Site "Posadas Misiones"]
[Date "2007.02.02"]
[Round "5"]
[White "GOIRIZ, Damian"]
[Black "SOSA HARRISON, Jorge"]
[Result "1/2-1/2"]
[WhiteElo "2099"]
[BlackElo "2283"]
[PlyCount "28"]
[EventDate "2007.01.26"]
[Source "Silva Victor H."]
[SourceDate "2007.01.26"]

1. e4 c5 2. Nc3 Nc6 3. g3 g6 4. Bg2 Bg7 5. d3 e6 6. Nge2 Nge7 7. Be3 Nd4 8. Qd2
d6 9. h4 h5 10. f4 Qa5 11. O-O Nxe2+ 12. Qxe2 Bxc3 13. bxc3 Qxc3 14. f5 gxf5
1/2-1/2

[Event "IRT VERANO 2007"]
[Site "Posadas Misiones"]
[Date "2007.02.02"]
[Round "5"]
[White "JIMENEZ, Joaquin"]
[Black "OVIEDO, Horacio"]
[Result "1-0"]
[WhiteElo "2223"]
[BlackElo "2054"]
[PlyCount "55"]
[EventDate "2007.01.26"]
[Source "Silva Victor H."]
[SourceDate "2007.01.26"]

1. e4 c5 2. Nf3 d6 3. d4 cxd4 4. Nxd4 Nf6 5. Nc3 a6 6. a3 e6 7. f4 Qc7 8. Bd3
Be7 9. Be3 Nc6 10. O-O O-O 11. Qf3 Re8 12. Rae1 Rb8 13. Kh1 Bf8 14. Qg3 g6 15.
e5 Nh5 16. Qf2 Nxd4 17. Bxd4 d5 18. f5 gxf5 19. g4 Ng7 20. gxf5 exf5 21. Nxd5
Qc6 22. Qg2 Kh8 23. Nf6 Qxg2+ 24. Kxg2 Rd8 25. Bb6 Bd7 26. Bxd8 Bc6+ 27. Kg3
Rxd8 28. Rf4 1-0

[Event "IRT VERANO 2007"]
[Site "Posadas Misiones"]
[Date "2007.02.02"]
[Round "5"]
[White "CARO, Esteban"]
[Black "ALVAREZ, Miguel"]
[Result "1-0"]
[WhiteElo "2203"]
[BlackElo "2085"]
[PlyCount "35"]
[EventDate "2007.01.26"]
[Source "Silva Victor H."]
[SourceDate "2007.01.26"]

1. e4 c6 2. Nc3 d6 3. d4 Nf6 4. Bg5 Qb6 5. a3 e5 6. dxe5 dxe5 7. Nf3 Bg4 8. Qd3
Nbd7 9. O-O-O Be7 10. h3 Bxf3 11. Qxf3 O-O-O 12. Bc4 Qc7 13. Bxf7 Rhf8 14. Be6
Nxe4 15. Bxe7 Rxf3 16. Nxe4 Rff8 17. Bxf8 b6 18. Rxd7 1-0

[Event "IRT VERANO 2007"]
[Site "Posadas Misiones"]
[Date "2007.02.03"]
[Round "6"]
[White "CROTTI, Lucas"]
[Black "ALVAREZ, Miguel"]
[Result "1-0"]
[WhiteElo "2015"]
[BlackElo "2085"]
[PlyCount "77"]
[EventDate "2007.01.26"]
[Source "Silva Victor H."]
[SourceDate "2007.01.26"]

1. e4 c6 2. Nc3 d6 3. f4 e5 4. Bc4 Nf6 5. Nf3 Bg4 6. h3 Bxf3 7. Qxf3 Nbd7 8.
O-O h5 9. Bb3 Qb6+ 10. Kh1 Be7 11. d3 O-O-O 12. Be3 Qa5 13. Bxf7 exf4 14. Bxf4
g5 15. Bd2 Rdf8 16. Be6 g4 17. Qe2 Qd8 18. b4 Kb8 19. d4 c5 20. bxc5 dxc5 21.
Bf4+ Ka8 22. d5 Nh7 23. Nb5 Rxf4 24. Rxf4 Ne5 25. Rf5 Qa5 26. d6 Bf6 27. Raf1
Qd8 28. Nc7+ Kb8 29. Nd5 Bg7 30. d7 Ng5 31. Nf4 Qe7 32. Bd5 gxh3 33. gxh3 Bf6
34. Qb5 b6 35. Qa6 Qxd7 36. Rxf6 Nxh3 37. Ne6 Ng6 38. Rxg6 Qc8 39. Qxc8+ 1-0

[Event "IRT VERANO 2007"]
[Site "Posadas Misiones"]
[Date "2007.02.03"]
[Round "6"]
[White "OVIEDO, Horacio"]
[Black "CARO, Esteban"]
[Result "1-0"]
[WhiteElo "2054"]
[BlackElo "2203"]
[PlyCount "77"]
[EventDate "2007.01.26"]
[Source "Silva Victor H."]
[SourceDate "2007.01.26"]

1. e4 c5 2. Nf3 a6 3. Nc3 d6 4. d4 cxd4 5. Nxd4 Nf6 6. Bg5 e6 7. f4 Qb6 8. Qd2
Be7 9. O-O-O h6 10. Bxf6 Bxf6 11. g4 Bd7 12. h4 Nc6 13. Nb3 O-O-O 14. Bg2 Be7
15. Kb1 Kb8 16. Rh3 Rc8 17. Rd3 Rhd8 18. g5 h5 19. a3 Rc7 20. Bh1 g6 21. Bg2
Bc8 22. Bh1 Qa7 23. Bg2 b5 24. Na2 Qb6 25. Nd4 Na5 26. f5 Nc4 27. Qe1 e5 28. f6
Bf8 29. Ne2 Bb7 30. Nec3 Qc5 31. Qg1 a5 32. Qxc5 Rxc5 33. Nc1 b4 34. axb4 axb4
35. N3a2 Rb5 36. Rb3 Rc8 37. Nxb4 Na5 38. Nd5 Nxb3 39. Nxb3 1-0

[Event "IRT VERANO 2007"]
[Site "Posadas Misiones"]
[Date "2007.02.03"]
[Round "6"]
[White "SOSA HARRISON, Jorge"]
[Black "JIMENEZ, Joaquin"]
[Result "1/2-1/2"]
[WhiteElo "2283"]
[BlackElo "2223"]
[PlyCount "47"]
[EventDate "2007.01.26"]
[Source "Silva Victor H."]
[SourceDate "2007.01.26"]

1. e4 e5 2. Nf3 Nc6 3. Nc3 Nf6 4. d4 exd4 5. Nxd4 Bb4 6. Nxc6 bxc6 7. Bd3 d5 8.
exd5 Qe7+ 9. Qe2 cxd5 10. Qxe7+ Kxe7 11. Bg5 d4 12. a3 dxc3 13. axb4 cxb2 14.
Rb1 a5 15. bxa5 Rxa5 16. Bd2 Re5+ 17. Kf1 Bf5 18. Bxf5 Rxf5 19. Rxb2 Ra8 20.
Ke2 Ra6 21. Re1 Re6+ 22. Kf1 Rxe1+ 23. Bxe1 Kd7 24. Rb3 1/2-1/2

[Event "IRT VERANO 2007"]
[Site "Posadas Misiones"]
[Date "2007.02.03"]
[Round "6"]
[White "RENDON, Francisco"]
[Black "GOIRIZ, Damian"]
[Result "0-1"]
[WhiteElo "1991"]
[BlackElo "2099"]
[PlyCount "122"]
[EventDate "2007.01.26"]
[Source "Silva Victor H."]
[SourceDate "2007.01.26"]

1. e4 c5 2. Nf3 d6 3. d4 cxd4 4. Nxd4 Nf6 5. Nc3 a6 6. g3 e5 7. Nb3 Be6 8. Bg2
Be7 9. O-O O-O 10. a4 Nc6 11. h3 Rc8 12. Re1 h6 13. Nd5 Bxd5 14. exd5 Na5 15.
Nd2 Qc7 16. c3 Nc4 17. Nf1 Nh7 18. b3 Nb6 19. c4 f5 20. Ba3 Nd7 21. Rc1 b6 22.
b4 a5 23. bxa5 bxa5 24. Nd2 f4 25. Nb3 fxg3 26. fxg3 Bg5 27. Rc3 Qb6+ 28. Kh2
Rf2 29. Rf1 Rcf8 30. Rxf2 Rxf2 31. Rf3 Ra2 32. Nc1 Qb1 33. Rb3 Qa1 34. Bxd6
Bxc1 35. c5 Rd2 36. Qf3 Qa2 37. c6 Ng5 38. Qf1 Qxb3 39. cxd7 Rxg2+ 40. Qxg2 Nf7
41. Bc7 Bg5 42. d6 Qxa4 43. h4 Bd8 44. Bxd8 Nxd8 45. Qd5+ Kh8 46. Qxe5 Qxd7 47.
Qe7 Qc8 48. Qc7 Qa8 49. d7 a4 50. Qc8 Qa5 51. Qc2 a3 52. Qe2 a2 53. h5 Qf5 54.
Qxa2 Qxd7 55. Qe2 Ne6 56. Qf2 Ng5 57. Qf8+ Kh7 58. Qf2 Qh3+ 59. Kg1 Qxh5 60.
Qf5+ Qg6 61. Qf1 Ne4 0-1

[Event "IRT VERANO 2007"]
[Site "Posadas Misiones"]
[Date "2007.02.03"]
[Round "7"]
[White "GOIRIZ, Damian"]
[Black "CROTTI, Lucas"]
[Result "0-1"]
[WhiteElo "2099"]
[BlackElo "2015"]
[PlyCount "128"]
[EventDate "2007.01.26"]
[Source "Silva Victor H."]
[SourceDate "2007.01.26"]

1. Nf3 Nf6 2. b3 g6 3. Bb2 Bg7 4. g3 O-O 5. Bg2 d5 6. c4 c6 7. O-O Nbd7 8. d3
b6 9. Nbd2 Bb7 10. e4 Nc5 11. e5 Nfd7 12. d4 Ne6 13. cxd5 cxd5 14. Qe2 Nc7 15.
Rfc1 Rc8 16. Ne1 Ba6 17. Qe3 e6 18. f4 Re8 19. a4 Bf8 20. Ba3 Bxa3 21. Rxa3 Qe7
22. Ra2 Nb8 23. Bf1 Bxf1 24. Kxf1 Nca6 25. Rac2 Qd7 26. Nd3 Rxc2 27. Rxc2 Rc8
28. Rxc8+ Qxc8 29. Ke2 Qc2 30. f5 Nc6 31. f6 Qc3 32. Nf3 Nab4 33. Nxb4 Qxe3+
34. Kxe3 Nxb4 35. Kf4 h6 36. Ke3 a5 37. Kd2 Kf8 38. Ng1 Kg8 39. Ne2 Kf8 40. Nc3
Ke8 41. Nb5 Nc6 42. Nd6+ Kf8 43. Kc3 Na7 44. h3 Kg8 45. b4 Kf8 46. b5 Kg8 47.
Kd3 Kf8 48. Ke3 Kg8 49. Kf4 Kf8 50. Kg4 Kg8 51. h4 Kf8 52. Kf4 Kg8 53. Nb7 Kf8
54. Nd6 Kg8 55. Ne8 Kf8 56. Ng7 Nxb5 57. Ke3 Nc3 58. h5 g5 59. g4 Nxa4 60. Kd3
b5 61. Kc2 b4 62. Nf5 exf5 63. gxf5 g4 64. Kd3 b3 0-1

[Event "IRT VERANO 2007"]
[Site "Posadas Misiones"]
[Date "2007.02.03"]
[Round "7"]
[White "JIMENEZ, Joaquin"]
[Black "RENDON, Francisco"]
[Result "1-0"]
[WhiteElo "2223"]
[BlackElo "1991"]
[PlyCount "89"]
[EventDate "2007.01.26"]
[Source "Silva Victor H."]
[SourceDate "2007.01.26"]

1. e4 c5 2. Nf3 d6 3. d4 cxd4 4. Nxd4 Nf6 5. Nc3 a6 6. Be2 e5 7. Nb3 Be6 8. O-O
Be7 9. a4 O-O 10. Be3 Nbd7 11. a5 Rc8 12. Bf3 h6 13. Qd2 Kh7 14. Rfd1 Qc7 15.
h3 Rfd8 16. Qe1 Bf8 17. Kh1 g6 18. g4 Nc5 19. Nxc5 dxc5 20. Na4 Rxd1 21. Rxd1
c4 22. Nb6 Rd8 23. Rxd8 Qxd8 24. Qc3 Nd7 25. Nxc4 Qh4 26. Kg2 h5 27. Nxe5 Nxe5
28. Qxe5 hxg4 29. hxg4 Bxg4 30. Qg3 Bxf3+ 31. Qxf3 Bg7 32. c3 Kg8 33. Bf4 Qd8
34. b4 Qc8 35. e5 Qf5 36. Bg3 Qxf3+ 37. Kxf3 f6 38. Ke4 Kf7 39. Kd5 Ke7 40. c4
fxe5 41. Bxe5 Bh6 42. Bc3 Bf4 43. b5 axb5 44. cxb5 Kd7 45. Be5 1-0

[Event "IRT VERANO 2007"]
[Site "Posadas Misiones"]
[Date "2007.02.03"]
[Round "7"]
[White "CARO, Esteban"]
[Black "SOSA HARRISON, Jorge"]
[Result "1-0"]
[WhiteElo "2203"]
[BlackElo "2283"]
[PlyCount "79"]
[EventDate "2007.01.26"]
[Source "Silva Victor H."]
[SourceDate "2007.01.26"]

1. e4 c5 2. Nf3 e6 3. d4 cxd4 4. Nxd4 Nc6 5. Nc3 a6 6. g3 Qc7 7. Bg2 Be7 8. O-O
Nf6 9. a4 O-O 10. Nb3 b6 11. f4 d6 12. g4 Nd7 13. Be3 Bb7 14. g5 f5 15. exf5
Rxf5 16. Qg4 Nc5 17. Bxc5 bxc5 18. Nd5 Qb8 19. Ne3 Qa7 20. c4 Qb6 21. Nxf5 exf5
22. Bd5+ Kh8 23. Qxf5 Rf8 24. Qh3 Bc8 25. Qc3 Nb4 26. Rae1 Bd8 27. Be4 Qa7 28.
Nc1 Qd7 29. Qg3 Qf7 30. b3 Bf5 31. Qg2 Qd7 32. Bxf5 Qxf5 33. Qe4 Qg4+ 34. Kh1
Bxg5 35. Qe8 Qf5 36. Qh5 h6 37. fxg5 Qxf1+ 38. Rxf1 Rxf1+ 39. Kg2 Rxc1 40. Qe8+
1-0